00268nam a2200097Ia 4500008004100000020001400041100002400055245003100079260004600110300001400156180205s9999 xx 000 0 und d a935280006 aDenton, Jeremiah A. aWhen hell was in session / aUSAbLibrary of congress catalogingc1982 a181 pages